Smernica k archivačnému, ku spisovému a skartačnému poriadku

Znenie Smernice č. 11/200 - Registratúrny poriadok (archivačný, spisový a skartačný poriadok).

Salvato in:
Dettagli Bibliografici
Autore principale: Dobšovič, Dušan
Natura: Capitolo di libro
Lingua:slovacco
Soggetti:
Tags: Aggiungi Tag
Nessun Tag, puoi essere il primo ad aggiungerne!!

MARC

LEADER 00000naa$a2200000$$$4500
001 0012763
005 20231109111318.4
041 0 |a slo 
044 |a SK 
245 1 0 |a Smernica k archivačnému, ku spisovému a skartačnému poriadku  |c aut. Dušan Dobšovič 
520 |a Znenie Smernice č. 11/200 - Registratúrny poriadok (archivačný, spisový a skartačný poriadok). 
610 2 0 |a smernice 
610 2 0 |a archívy 
610 2 0 |a registre 
610 2 0 |a jednotka organizačná 
100 1 |a Dobšovič, Dušan